Hiến pháp Việt Nam (Năm 1946, 1959, 1980, 1992)

Sách cung cấp tư liệu về quá trình lập hiến của nước Việt Nam: từ Hiến pháp đầu tiên năm 1946, đến Hiến pháp nước Việt Nam DCCH 1959, Hiến pháp nước Cộng hòa XHXN Việt Nam 1980, và Hiến pháp nước Cộng hòa XHCN 1992...

Celý popis

Uloženo v:
Podrobná bibliografie
Médium: Kniha
Jazyk:Undetermined
Vydáno: Hà Nội Chính trị Quốc gia 1995
Témata:
Tagy: Přidat tag
Žádné tagy, Buďte první, kdo otaguje tento záznam!
Thư viện lưu trữ: Trung tâm Học liệu Trường Đại học Cần Thơ
LEADER 00852nam a2200181Ia 4500
001 CTU_26973
008 210402s9999 xx 000 0 und d
020 |b 12.000đ 
082 |a 342.597 
082 |b H305 
245 0 |a Hiến pháp Việt Nam (Năm 1946, 1959, 1980, 1992) 
260 |a Hà Nội 
260 |b Chính trị Quốc gia 
260 |c 1995 
520 |a Sách cung cấp tư liệu về quá trình lập hiến của nước Việt Nam: từ Hiến pháp đầu tiên năm 1946, đến Hiến pháp nước Việt Nam DCCH 1959, Hiến pháp nước Cộng hòa XHXN Việt Nam 1980, và Hiến pháp nước Cộng hòa XHCN 1992 
650 |a constitutions, state - vietnam 
904 |i Minh, 981022 
980 |a Trung tâm Học liệu Trường Đại học Cần Thơ